Plats des Antilles - Mort Subite - Statistiques

Statistiques générales
  • Ce quiz a été pris 199 fois
  • Le résultat moyen est 4 sur 12
Answers on the Grid
Answers color-coded by a green-red scale on the quiz's grid according to % correct below.
Poulet jerk
Tarte whoopie
Tajine
Pelau
Medianoche
Salade Waldorf
Fish and brewis
Griot
Gâteau au rhum
Burrito
Yaroa
Cou-cou
Jokbal
Paella
Soupe joumou
Vaca frita
Caldo tlalpeño
Aligot
Brown stew chicken
Salade de conques
Aki et morue salée
 
Statistiques - réponses
Réponse % Correct
Gâteau au rhum
74%
Aki et morue salée
65%
Poulet jerk
50%
Soupe joumou
44%
Griot
35%
Salade de conques
28%
Brown stew chicken
27%
Cou-cou
26%
Pelau
22%
Vaca frita
16%
Yaroa
15%
Medianoche
9%
Aucun quiz correspondant
Distribution des résultats
% des personnes avec chaque résultat
Percentile par nombre de réponses
Votre historique - résultats
Vous n’avez pas pris ce quiz